000
00335 a2200157 4500
001
56709
020
_a
8502049666
040
_c
Anchieta - Pituba
100
_a
Albergaria, Lino de
240
1
0
_a
O menino e o mar
_l
por
245
1
0
_a
O menino e o mar
300
_a
63
362
0
_a
2005
650
4
_a
Literatura juvenil
942
_c
BK
999
_c
56709
_d
56709